000 01049nam a22003257a 4500
003 CHAP
005 20220329135653.0
008 971013s1970 r 00010 d
010 _a40261
011 _a41233
035 _a45359
040 _cCHAP
082 _a632.95
_bE7
110 _aE.U.A. National Agricultural Library
_934948
245 _aDDT (1,1-dichloro-2,2-Bis (P-chlorophenyl) ethylene) a list of referces selected...
260 _aBeltsville, Md. :
_bThe Library,
_c1970
300 _a143 p.
490 _aLibrary list
_v; 97
590 _aBATCH-UPD
_b10
_c20130110
_lUCH01
_h0230
590 _aBATCH-UPD
_b10
_c20130110
_lUCH01
_h1953
590 _aBATCH-UPD
_b10
_c20130410
_lUCH01
_h1315
590 _aBATCH-UPD
_b10
_c20130914
_lUCH01
_h1138
590 _aCONVERSION
_b10
_c20130109
_lUCH01
_h1322
650 1 4 _aDDT (Insecticida)
_931376
650 1 4 _aPesticidas
_xBibliografía.
_987540
830 0 _aLibrary list
_v; 97
_966636
901 _aBK
942 _cLIBRO
949 _a632.95 E7
_bBC
_cC
_d33724000569273
_eC
_h43708
_i45359
_si
999 _c40261
_d40261